| 000 | 00820nam a2200253 4500 | ||
|---|---|---|---|
| 001 | 22335 | ||
| 003 | ES-MaACL | ||
| 005 | 20250921063022.0 | ||
| 007 | t| | ||
| 008 | 021202s19541956sp |||| | spa d | ||
| 080 | _a821.134.2-31"19" | ||
| 100 | 1 |
_aAldecoa, Ignacio, _d1925-1969 _919628 |
|
| 245 | 1 | 3 |
_aEl fulgor y la sangre _b: novela / _cIgnacio Aldecoa. |
| 250 | _a1ª ed. | ||
| 260 |
_aBarcelona : _bPlaneta, _c1954-1956 ( _fAleu y Domingo) |
||
| 300 |
_a2 v. ; _c19 cm. |
||
| 490 | 1 | _aAutores españoles contemporáneos | |
| 505 | 8 | _aContiene: V. I. El fulgor y la sangre -- V. II. Con el viento solano | |
| 740 | 3 | _aEl fulgor y la sangre. | |
| 740 | 0 | _aCon el viento solano. | |
| 830 | 0 |
_aAutores españoles contemporáneos _9180811 |
|
| 852 |
_a BA _jE-13189-90 |
||
| 999 |
_c22335 _d22335 |
||